Stemmi Squadre di calcio dal dettaglio - Spagna - Quiz n°2 - Statistics

Statistiche generali
  • Questo quiz è stato fatto 28 volte
  • Il punteggio medio è 7 su 10
Statistiche sulle risposte
con Immagini Risposta % Corretto
Atletico Madrid
100%
Real Madrid
96%
Real Sociedad
96%
Malaga
92%
Valencia
92%
Girona
69%
Las Palmas
65%
Eibar
62%
Sporting Gijon
38%
Racing Santander
23%
Nessun quiz corrispondente trovato
Distribuzione punteggi
Percentuale di utenti per punteggio
Percentile per numero di risposta
I tuoi punteggi nel tempo
Non hai fatto questo quiz